Citizenship education. 4 Vols (Record no. 1390837)
[ view plain ]
| 000 -LEADER | |
|---|---|
| fixed length control field | 00640nam a2200217Ia 4500 |
| 005 - DATE AND TIME OF LATEST TRANSACTION | |
| control field | 20250508164733.0 |
| 008 - FIXED-LENGTH DATA ELEMENTS--GENERAL INFORMATION | |
| fixed length control field | 008 250505s9999 xx 000 0 eng d |
| 020 ## - INTERNATIONAL STANDARD BOOK NUMBER | |
| International Standard Book Number | 978-0-470-29256-3 |
| 037 ## - SOURCE OF ACQUISITION | |
| Stock number | Reference |
| 040 ## - CATALOGING SOURCE | |
| Original cataloging agency | FEDL |
| Language of cataloging | eng |
| Transcribing agency | FEDL |
| 041 ## - LANGUAGE CODE | |
| Language code of text/sound track or separate title | eng |
| Source of code | eng |
| 084 ## - COLON CLASSIFICATION NUMBER | |
| Classification number | 370, ART/RR |
| Assigning agency | FEDL |
| 100 ## - MAIN ENTRY--PERSONAL NAME | |
| Personal name | Arthur James Ed. |
| 9 (RLIN) | 34304 |
| 245 #0 - TITLE STATEMENT | |
| Title | Citizenship education. 4 Vols |
| 260 ## - PUBLICATION, DISTRIBUTION, ETC. | |
| Place of publication, distribution, etc. | Los Angeles, USA |
| Name of publisher, distributor, etc. | Sage |
| Date of publication, distribution, etc. | 2008 |
| 365 ## - TRADE PRICE | |
| Price type code | GBP |
| Price amount | 575 |
| 490 ## - SERIES STATEMENT | |
| Series statement | Sage library of educational thought and practice |
| Volume/sequential designation | Vol 1 |
| 700 ## - ADDED ENTRY--PERSONAL NAME | |
| Personal name | Davies Ian Ed. |
| 9 (RLIN) | 779027 |
| 942 ## - ADDED ENTRY ELEMENTS (KOHA) | |
| Koha item type | Reference |
| Classification part | 370, ART/RR |
| Withdrawn status | Lost status | Damaged status | Not for loan | Home library | Current library | Date acquired | Cost, normal purchase price | Total Checkouts | Full call number | Barcode | Date last seen | Price effective from | Koha item type |
|---|---|---|---|---|---|---|---|---|---|---|---|---|---|
| Department of Education Library | Department of Education Library | 2025-05-08 | 575.00 | 370, ART/RR | EL0084464 | 2025-05-08 | 2025-05-08 | Reference |
